00680nam a2200193 a 450000500170000000800410001705000190005810000140007724500350009126000370012630000130016344000290017650000290020552000970023465000120033194200080034399900190035195201160037020140414093832.0020926s19uu xx 00 eng d aVHS 900bOR 16 aTime Life aIncabsecrets of the ancestors aSingaporebTime Life Asiacc1995 a48 mins. aTime Life's civilization anarrated by Sam Waterson aWhile dominating a Kingdom challenged by the harshest environmental conditions known to man. aHistory cAVM c108804d108804 00104050aLUXbLUXcAVd2002-09-26eLib. Fundl0oVHS 900 OR 16pAV0270r2014-04-14 00:00:00w2014-04-14yAVM